000 00531nam a2200169Ia 4500
008 090124s9999 xx 000 0 und d
082 _b16033
100 _aकाणेकर अनंत
245 _a दत्तक व इतर गोष्टी
250 _a0
300 _a140
600 _aकाणेकर अनंत
630 _a दत्तक व इतर गोष्टी
700 _aकाणेकर अनंत
730 _a दत्तक व इतर गोष्टी
942 _cBOOK
999 _c88528
_d88528